Cuentos / (Registro nro. 10999)

Detalles MARC
000 -LIDER
fixed length control field 00573nam a22002177a 4500
003 - IDENTIFICACDOR DE NÚMERO DE CONTROL
control field DO-SdBNP
005 - DATE AND TIME OF LATEST TRANSACTION
control field 20180226104232.0
008 - ELEMENTOS DE LONGITUD FIJA
fixed length control field 160721b 1992 ck a 00| 0 spa d
020 ## - ISBN
International Standard Book Number 9590800130
040 ## - FUENTE DE CATALOGACIÓN
Agencia que crea de manera original el registro BPMSU
Idioma de catalogación spa
Agencia que realiza la transcripción BPMSU
082 #4 - NÚMERO DE CLASIFICACIÓN DECIMAL DE DEWEY
Classification number xxxx
Item number xxxx
100 1# - ASIENTO PRINCIPAL -- NOMBRE PERSONAL
Nombre personal Andersen, Hans Christian
245 1# - MENCIÓN DE TITULO
Título Cuentos /
Mención de responsabilidad Hans Christian Andersen
260 ## - PUBLICACIÓN, DISTRIBUCIÓN, ETC. (PIE DE IMPRENTA)
Lugar de publicación, distribución, etc Calí, Colombia :
Nombre del editor, distribuidor, etc. Gente Nueva ,
Fecha de publicación, distribución, etc 1992.
300 ## - DESCRIPCIÓN FÍSICA
Extensión 92 p. :
Otros detalles físicos il. ;
Dimensiones 24 cm.
490 1# - MENCIÓN DE SERIES
Mención de serie Clásicos
830 #0 - ASIENTO SECUNDARIO DE SERIE--TÍTULO UNIFORME
Título uniforme Clásicos
942 ## - ADDED ENTRY ELEMENTS (KOHA)
Source of classification or shelving scheme Dewey Decimal Classification
Koha item type Libros
945 ## - INFORMACIÓN DE PROCESAMIENTO LOCAL
Información de procesamiento local Inventariado, 2018 / BT
956 ## - LOCAL ELECTRONIC LOCATION AND ACCESS (OCLC)
Nombre de host dgarcia
Existencias
Withdrawn status Lost status Source of classification or shelving scheme Damaged status Not for loan Collection code Home library Current library Date acquired Source of acquisition Total Checkouts Full call number Barcode Date last seen Price effective from Koha item type
    Dewey Decimal Classification     Colección Infantil General Biblioteca Pública Metropolitana Salomé Ureña Biblioteca Pública Metropolitana Salomé Ureña 07/21/2016 Sin sellar   xxxx xxxx BPMSU16070618 07/21/2016 07/21/2016 Libros